00406nam a2200145Ia 450000100060000000800410000602000180004704000130006508200190007810000200009724500770011726000480019430000110024254600070025373526160622s9999||||xx |||||||||||||| ||und|| a9780199066735 cPK-LaUMT a 954.035bFRO- aNichols, Robert 4aThe frontier crimes regulationba history in documents/cNichols, Robert aOxford,USA:bOxford University Press,c2013 a253 p. aEN